Nationalism regionalism and philosophy of national integration / (Record no. 126489)
[ view plain ]
| 000 -LEADER | |
|---|---|
| fixed length control field | 00737nam a22002297a 4500 |
| 005 - DATE AND TIME OF LATEST TRANSACTION | |
| control field | 20170124110010.0 |
| 010 ## - LIBRARY OF CONGRESS CONTROL NUMBER | |
| LC control number | A-944314 |
| 020 ## - INTERNATIONAL STANDARD BOOK NUMBER | |
| Terms of availability | 00.00 |
| International Standard Book Number | 8186030743 |
| 035 ## - SYSTEM CONTROL NUMBER | |
| System control number | A-944314 |
| 037 ## - SOURCE OF ACQUISITION | |
| Source of stock number/acquisition | Cen Lib/ Ret |
| 040 ## - CATALOGING SOURCE | |
| Original cataloging agency | DPL |
| Language of cataloging | EN |
| 082 ## - DEWEY DECIMAL CLASSIFICATION NUMBER | |
| Classification number | 302 |
| Item number | NAT |
| 245 ## - TITLE STATEMENT | |
| Title | Nationalism regionalism and philosophy of national integration / |
| Statement of responsibility, etc | edited by N.Malla |
| 260 ## - PUBLICATION, DISTRIBUTION, ETC. (IMPRINT) | |
| Place of publication, distribution, etc | New Delhi |
| Name of publisher, distributor, etc | Regency publications |
| Date of publication, distribution, etc | 1998 |
| 270 ## - ADDRESS | |
| Address | 20/36-G,Old Market West Patel Nagar |
| City | New Delhi |
| Postal code | 110008 |
| 300 ## - PHYSICAL DESCRIPTION | |
| Extent | 213p. |
| Dimensions | 21cm(Hb) |
| 500 ## - GENERAL NOTE | |
| General note | Includes bibliographical reference |
| 650 ## - SUBJECT ADDED ENTRY--TOPICAL TERM | |
| Topical term or geographic name as entry element | Nationalism -- India. |
| 9 (RLIN) | 74189 |
| 650 ## - SUBJECT ADDED ENTRY--TOPICAL TERM | |
| Topical term or geographic name as entry element | Regionalism -- India. |
| 9 (RLIN) | 74190 |
| 700 ## - ADDED ENTRY--PERSONAL NAME | |
| Personal name | Malla, N. |
| 9 (RLIN) | 74191 |
| 942 ## - ADDED ENTRY ELEMENTS (KOHA) | |
| Source of classification or shelving scheme | Dewey Decimal Classification |
| Koha item type | English Books |
| Classification part | 302 |
| Call number suffix | NAT |
| Withdrawn status | Lost status | Damaged status | Not for loan | Home library | Current library | Date acquired | Source of acquisition | Cost, normal purchase price | Total Checkouts | Full call number | Barcode | Date last seen | Copy number | Cost, replacement price | Price effective from | Koha item type | Public note |
|---|---|---|---|---|---|---|---|---|---|---|---|---|---|---|---|---|---|
| Written off | Central Library | Central Library | 25/06/2015 | Cen Lib/Ret | 0.00 | 302 NAT | A-944314 | 25/06/2015 | 1 | 0.00 | 25/06/2015 | English Books | W/d List No. 6845/20 : dtd 9/7/20 |
